Christ and the hill-men.
Disimpan dalam:
| Pengarang Utama: | |
|---|---|
| Format: | Buku |
| Bahasa: | English |
| Diterbitkan: |
Lakemont, N.Y.,
North Country Books
[1974]
|
| Subjek-subjek: | |
| Penanda-penanda: |
Tambah Penanda
Tiada Penanda, Jadilah orang pertama menanda rekod ini!
|
| LEADER | 00602nam a2200217 4500 | ||
|---|---|---|---|
| 001 | 001745529-4 | ||
| 005 | 20020606090541.3 | ||
| 008 | 740719s1974 nyua 00000 eng | ||
| 010 | |a 74174336 | ||
| 035 | 0 | |a ocm00995683 | |
| 043 | |a a-ii--- | ||
| 050 | 0 | |a BV3280.A8 |b H37 | |
| 082 | |a 266/.6/154162 | ||
| 100 | 1 | |a Harding, Frederick W., |d 1878-1975 | |
| 245 | 1 | 0 | |a Christ and the hill-men. |
| 260 | 0 | |a Lakemont, N.Y., |b North Country Books |c [1974] | |
| 300 | |a xiii, 186 p. |b illus. |c 24 cm. | ||
| 650 | 0 | |a Garo (Indic people) |x Missions. | |
| 650 | 0 | |a Missions |z India |z Assam. | |
| 988 | |a 20020608 | ||
| 906 | |0 MH | ||


